000 00435nam a2200181Ia 4500
005 20250423095136.0
008 250422s9999 xx 000 0 und d
020 _a0471508446
050 _aAS 66 .B86/
100 _aClyde W. Burleson
245 0 _aEffective Meetings: The Complete Guide
260 _aNew York
260 _bJohn Wiley & Sons, Inc.
260 _c1990
300 _a239 p
650 _aManagement
942 _cBK
999 _c29367
_d29367